000 00757nam a2200241Ia 4500
003 OSt
005 20220923223931.0
006 a|||||r|||| 00| 0
007 ta
008 Pun
024 _a223,544
037 _cTextual
040 _aARTS
_cARTS
_bPun
041 _2Pun
_aPun
082 _aQ8441:332xJ34k, 153M6
100 _aਰਾਏਜਸਬੀਰ ਸਿੰਘ
245 0 _aਗੁਰੂ ਅਮਰਦਾਸ ਸ੍ਰੋਤ ਪੁਸਤਕ
260 _aਅਮ੍ਰਿਤਸਰ
_b ਗੁਰੂ ਨਾਨਕ ਦੇਵ ਯੁਨੀਵਰਸਿਟੀ
_c1986
300 _a628ਪੰ
_ccm.
650 _aਧਰਮ
942 _hQ8441:332xJ34k, 153M6
_cTEXL
_2CC
999 _c368352
_d368352